| 000 | 00524nam a2200217Ia 4500 | ||
|---|---|---|---|
| 003 | OSt | ||
| 005 | 20221005122002.0 | ||
| 006 | a|||||r|||| 00| 0 | ||
| 007 | ta | ||
| 008 | 221004b |||||||| |||| 00| 0 eng d | ||
| 024 | _a114696 | ||
| 037 | _cTextual | ||
| 040 |
_aCRL _cCRL _beng |
||
| 041 |
_2eng _aeng |
||
| 100 |
_aMishr S K _9605141 |
||
| 245 | 0 | _aIndian economy its development experence | |
| 260 | _c1987 | ||
| 700 | _a Puri V K | ||
| 942 |
_cTEXL _2cc |
||
| 999 |
_c1042910 _d1042910 |
||